=LDR 00000nam 2200000 4500 =001 INLIS000000000020816 =005 20130612115733 =008 ***********************************Ind** =035 ##$$0010-061300000020816 =041 ##$$a Ind =082 ##$$a 372.6 =090 ##$$a 372.6, Ang b =100 ##$$a Angelia, Tia =245 ##$$a Belajar bahasa Inggris dan mengenal binatang ( sambil mewarnai), Tia Angelia =260 ##$$a (s.a) $b Suarabaya =300 ##$$a 32 hlm., ilus., 21 cm =650 ##$$a Bahasa Inggris-Pendidikan Dasar =850 ##$$a NBPNMAT